<?xml version="1.0" encoding="UTF-8"?>
<record
    xmlns:xsi="http://www.w3.org/2001/XMLSchema-instance"
    xsi:schemaLocation="http://www.loc.gov/MARC21/slim http://www.loc.gov/standards/marcxml/schema/MARC21slim.xsd"
    xmlns="http://www.loc.gov/MARC21/slim">

  <leader>01410nam a22002057a 4500</leader>
  <controlfield tag="005">20220111110327.0</controlfield>
  <controlfield tag="008">220111b           ||||| |||| 00| 0 eng d</controlfield>
  <datafield tag="020" ind1=" " ind2=" ">
    <subfield code="a">9781406362190</subfield>
  </datafield>
  <datafield tag="040" ind1=" " ind2=" ">
    <subfield code="c">AL</subfield>
  </datafield>
  <datafield tag="041" ind1=" " ind2=" ">
    <subfield code="a">English</subfield>
  </datafield>
  <datafield tag="082" ind1=" " ind2=" ">
    <subfield code="a">813.6</subfield>
    <subfield code="b">CLAC</subfield>
  </datafield>
  <datafield tag="100" ind1=" " ind2=" ">
    <subfield code="a">Cassandra Clare</subfield>
    <subfield code="9">12891</subfield>
  </datafield>
  <datafield tag="245" ind1=" " ind2=" ">
    <subfield code="a">City of fallen angels</subfield>
  </datafield>
  <datafield tag="260" ind1=" " ind2=" ">
    <subfield code="a">London</subfield>
    <subfield code="b">Walker books</subfield>
    <subfield code="c">2015</subfield>
  </datafield>
  <datafield tag="300" ind1=" " ind2=" ">
    <subfield code="a">434p.</subfield>
    <subfield code="b">PB</subfield>
    <subfield code="c">20x13cm</subfield>
  </datafield>
  <datafield tag="365" ind1=" " ind2=" ">
    <subfield code="2">general</subfield>
    <subfield code="a">4477</subfield>
    <subfield code="b">351</subfield>
    <subfield code="c">&#x20B9;</subfield>
    <subfield code="d">450</subfield>
    <subfield code="e">22%</subfield>
    <subfield code="f">18-12-2021</subfield>
  </datafield>
  <datafield tag="520" ind1=" " ind2=" ">
    <subfield code="a">Fourth in Cassandra Clare's internationally bestselling Mortal Instruments series about the Shadowhunters. Discover more secrets about the Shadowhunters in the fourth of 6 brand-new collectable editions of the internationally bestselling Mortal Instruments series. To love is to destroy... The Mortal War is over, and Clary Fray is home in New York, excited about all the possibilities before her. She's training to become a Shadowhunter and - most importantly of all - she can finally call Jace her boyfriend. But her happiness has come at a price... Cover art by Mila Furstova, the artist who created the album art for Coldplay's Ghost Stories. Read all the sensational books in The Shadowhunter Chronicles: The Mortal Instruments, The Infernal Devices, Tales from the Shadowhunter Academy, The Bane Chronicles, The Dark Artifices, The Last Hours and The Shadowhunter's Codex.</subfield>
  </datafield>
  <datafield tag="650" ind1=" " ind2=" ">
    <subfield code="a">literature</subfield>
    <subfield code="9">12892</subfield>
  </datafield>
  <datafield tag="942" ind1=" " ind2=" ">
    <subfield code="2">ddc</subfield>
    <subfield code="c">BK</subfield>
  </datafield>
  <datafield tag="999" ind1=" " ind2=" ">
    <subfield code="c">221149</subfield>
    <subfield code="d">221149</subfield>
  </datafield>
  <datafield tag="952" ind1=" " ind2=" ">
    <subfield code="0">0</subfield>
    <subfield code="1">0</subfield>
    <subfield code="2">ddc</subfield>
    <subfield code="4">0</subfield>
    <subfield code="7">0</subfield>
    <subfield code="8">GEN</subfield>
    <subfield code="a">SACPG</subfield>
    <subfield code="b">SACPG</subfield>
    <subfield code="d">2021-12-30</subfield>
    <subfield code="e">Biblios Book Point</subfield>
    <subfield code="g">351.00</subfield>
    <subfield code="l">0</subfield>
    <subfield code="o">813.6 CLAC</subfield>
    <subfield code="p">PG023532</subfield>
    <subfield code="r">2022-08-24 00:00:00</subfield>
    <subfield code="v">450.00</subfield>
    <subfield code="w">2021-12-30</subfield>
    <subfield code="y">BK</subfield>
  </datafield>
</record>
